Länder, die mit T beginnen - Statistiken

Allgemein
  • Dieses Quiz wurde 60 mal gespielt
  • Das Durchschnittsergebnis liegt bei 10 aus 13
Antwortstatistiken
Land % Korrekt
Türkei
92%
Turkmenistan
92%
Tadschikistan
85%
Togo
85%
Tschechien
83%
Trinidad und Tobago
81%
Tansania
79%
Tunesien
77%
Thailand
75%
Tuvalu
71%
Tschad
69%
Tonga
65%
Taiwan
58%
Keine übereinstimmenden Quizze gefunden
Verteilung der Resultate
Anzahl Personen mit jedem Resultat
Perzentil nach korrekt beantworteten Fragen
Ihre Resultats-Entwicklung
Sie haben dieses Quiz noch nicht gespielt